Calgary - Choix multiples - Statistiques

Statistiques générales
  • Ce quiz a été pris 24 fois
  • Le résultat moyen est 5 sur 10
Statistiques - réponses
Question Réponse % Correct
Dans quelle province canadienne Calgary se trouve-t-elle ? Alberta
90%
Quelle édition des Jeux olympiques Calgary accueilla-t-elle ? Jeux d'Hiver 1988
67%
Quel célèbre festival, exposition et rodéo y a lieu chaque année en juillet ? Stampede de Calgary
62%
Que pratiquent les Flames et les Stampeders, les 2 plus grosses équipes sportives de la ville ? Hockey (LNH) et Football Canadien (LCF)
57%
Quel plat culinaire aurait été inventé au Silver Inn à Calgary par le chef George Wong ? Boeuf au Gingembre
48%
Le centre commercial Northland Village Mall à Calgary a été utilisé comme lieu de tournage pour quelle série post-apocalyptique de HBO ? The Last of Us
43%
Quelle partie du corps est utilisée par plusieurs des peuples autochtones du Sud de l'Alberta pour parler de Calgary ? Coude
33%
Quelles 2 personalités sont nés à Calgary ? Tate McRae, Ted Cruz
33%
Qu'est-ce que le Plus 15 (+15) ? Un énorme réseau de passerelles surélevées
19%
Sur quel territoire traditionnel est située la ville de Calgary (Moh’kins’tis) ? Le territoire du Traité 7
14%
Aucun quiz correspondant
Distribution des résultats
% des personnes avec chaque résultat
Percentile par nombre de réponses
Votre historique - résultats
Vous n’avez pas pris ce quiz